Eastern Utah Libraries Catalog: Duchesne, Heber, Roosevelt, & Vernal

El clan de la loba (Record no. 271896)

MARC details
000 -LEADER
fixed length control field 02199nim a2200529La 4500
001 - CONTROL NUMBER
control field ocn489088054
003 - CONTROL NUMBER IDENTIFIER
control field OCoLC
005 - DATE AND TIME OF LATEST TRANSACTION
control field 20240509121650.0
007 - PHYSICAL DESCRIPTION FIXED FIELD--GENERAL INFORMATION
fixed length control field sd fungnnmmned
008 - FIXED-LENGTH DATA ELEMENTS--GENERAL INFORMATION
fixed length control field 090727s2009 mdunnnnc f n spa d
020 ## - INTERNATIONAL STANDARD BOOK NUMBER
International Standard Book Number 9781440764677
020 ## - INTERNATIONAL STANDARD BOOK NUMBER
International Standard Book Number 1440764670
020 ## - INTERNATIONAL STANDARD BOOK NUMBER
Terms of availability 123.75
028 01 - PUBLISHER NUMBER
Publisher number CE223
Source Recorded Books
029 0# - (OCLC)
OCLC library identifier RECBX
System control number rce00000223
035 ## - SYSTEM CONTROL NUMBER
System control number (OCoLC)489088054
040 ## - CATALOGING SOURCE
Original cataloging agency RECBX
Transcribing agency RECBX
Modifying agency WACOL
Description conventions
049 ## - LOCAL HOLDINGS (OCLC)
Holding library WACL
050 14 - LIBRARY OF CONGRESS CALL NUMBER
Classification number PZ73.C36945
Item number Cla 2009c
082 04 - DEWEY DECIMAL CLASSIFICATION NUMBER
Classification number [Fic]
Edition number 22
092 ## - LOCALLY ASSIGNED DEWEY CALL NUMBER (OCLC)
Classification number SPCD
Item number Car
100 1# - MAIN ENTRY--PERSONAL NAME
Personal name Carranza, Maite,
Dates associated with a name 1958-
9 (RLIN) 5854942
245 13 - TITLE STATEMENT
Title El clan de la loba
250 ## - EDITION STATEMENT
Edition statement Texto completo.
260 ## - PUBLICATION, DISTRIBUTION, ETC. (IMPRINT)
Place of publication, distribution, etc Prince Frederick, MD :
Name of publisher, distributor, etc Recorded Books,
Date of publication, distribution, etc p2009.
264 ## - Production, Publication, Distribution, Manufacture, and Copyright Notice.
Place of production, publication, distribution, manufacture Prince Frederick, MD :
Name of producer, publisher, distributor, manufacturer Recorded Books,
Date of production, publication, distribution, manufacture, or copyr 2009
300 ## - PHYSICAL DESCRIPTION
Extent 10 sound discs (11 hr., 15 min.) :
Other physical details digital ;
Dimensions 4 3/4 in.
490 1# - SERIES STATEMENT
Series statement Recorded Books audiolibros
490 0# - SERIES STATEMENT
Series statement La guerra de las brujas ;
Volume number/sequential designation vol. 1
500 ## - GENERAL NOTE
General note Compact disc.
500 ## - GENERAL NOTE
General note Title from container.
500 ## - GENERAL NOTE
General note In container (17 cm.)
511 0# - PARTICIPANT OR PERFORMER NOTE
Participant or performer note Narrated by Adriana Sananes.
520 ## - SUMMARY, ETC.
Summary, etc When her mother disappears, fourteen-year-old Anaíd sets out on a dangerous journey after learning that her mother is a witch, prophesied to be the chosen one to end an ancient war between two feuding clans.
521 ## - TARGET AUDIENCE NOTE
Target audience note Spanish Audio;
Source Recorded Books.
530 ## - ADDITIONAL PHYSICAL FORM AVAILABLE NOTE
Additional physical form available note Issued also on cassette.
530 ## - ADDITIONAL PHYSICAL FORM AVAILABLE NOTE
Additional physical form available note Desde tiempos inmemoriales, los clanes de las brujas Omar han vivido ocultándose de las sanguinarias brujas Odish y esperando la llegada de la elegida por la profecía. Ahora los astros confirman que el tiempo está próximo. Anaíd, que ha vivido durante sus catorce años de vida apartada en un pueblo del Pirineo, ignora los secretos que atañen a las mujeres de su familia.
650 #1 - SUBJECT ADDED ENTRY--TOPICAL TERM
Topical term or geographic name as entry element Missing persons
Form subdivision Fiction.
9 (RLIN) 5854943
650 #1 - SUBJECT ADDED ENTRY--TOPICAL TERM
Topical term or geographic name as entry element Witches
Form subdivision Fiction.
9 (RLIN) 5673734
650 #1 - SUBJECT ADDED ENTRY--TOPICAL TERM
Topical term or geographic name as entry element Coming of age
Form subdivision Fiction.
9 (RLIN) 5678662
655 #0 - INDEX TERM--GENRE/FORM
Genre/form data or focus term Audiobooks.
9 (RLIN) 5854944
700 1# - ADDED ENTRY--PERSONAL NAME
Personal name Sananes, Adriana.
Relator code nrt
9 (RLIN) 5854945
710 2# - ADDED ENTRY--CORPORATE NAME
Corporate name or jurisdiction name as entry element Recorded Books, LLC.
9 (RLIN) 5674251
830 #0 - SERIES ADDED ENTRY--UNIFORM TITLE
Uniform title Recorded Books audiolibros.
9 (RLIN) 5854946
942 ## - ADDED ENTRY ELEMENTS (KOHA)
Koha item type CD
Source of classification or shelving scheme Dewey Decimal Classification
948 ## - LOCAL PROCESSING INFORMATION (OCLC); SERIES PART DESIGNATOR (RLIN)
Series part designator, SPT (RLIN) 01/06/2010
z (OCLC) Sirsi
Holdings
Withdrawn status Lost status Source of classification or shelving scheme Materials specified (bound volume or other part) Damaged status Not for loan Collection code Home library Current library Shelving location Date acquired Source of acquisition Cost, normal purchase price Total Checkouts Full call number Barcode Date last seen Date checked out Cost, replacement price Price effective from Koha item type Public note
    Dewey Decimal Classification .CIRCNOTE. 10 discs     Spanish Audio Wasatch County Library Wasatch County Library First Floor 01/08/2010   123.75 3 Car 34301000825804 10/20/2025 11/29/2017 123.75 03/20/2020 Audiobook on CD .PUBLIC. 10 discs
This project was made possible through a grant from the Institute of Museum and Library Service administered by the Utah State Library Division.

Wasatch County Library

  • 465 East 1200 South, Heber City, Utah 84032
  • Phone 435-654-1511 | Fax 435-654-6456

Hours

  • Monday - Friday 9:30 AM - 8:00 PM
  • Saturday 9:30 AM - 1:30 PM
  • Closed Sundays and Holidays